Grand Theft Auto: The Location Quiz - Statistics

General Stats
  • This quiz has been taken 1,480 times
  • The average score is 13 of 16
Answer Stats
Game Location % Correct
Grand Theft Auto: San Andreas Los Santos
97%
Grand Theft Auto V Los Santos
97%
Grand Theft Auto (1) Liberty City
94%
Grand Theft Auto III Liberty City
94%
Grand Theft Auto Advance Liberty City
94%
Grand Theft Auto: _______ Stories Liberty City
94%
Grand Theft Auto IV Liberty City
94%
Grand Theft Auto: Chinatown Wars Liberty City
94%
Grand Theft Auto (1) Vice City
93%
Grand Theft Auto: _____ Vice City
93%
Grand Theft Auto: _______ Stories Vice City
93%
Grand Theft Auto (1) San Andreas
67%
Grand Theft Auto: San Andreas Las Venturas
66%
Grand Theft Auto (1) London
66%
Grand Theft Auto: San Andreas San Fierro
64%
Grand Theft Auto 2 Anywhere, USA
24%
No matching quizzes found
Score Distribution
Percent of People with Each Score
Percentile by Number Answered
Your Score History
You have not taken this quiz